| 000 | 00833nam a2200277Ia 4500 | ||
|---|---|---|---|
| 003 | OSt | ||
| 005 | 20221006141232.0 | ||
| 006 | a|||||r|||| 00| 0 | ||
| 007 | ta | ||
| 008 | 221006b |||||||| |||| 00| 0 eng d | ||
| 024 | _a1,578 | ||
| 037 | _cDissertations | ||
| 040 |
_aEASL _cEASL _beng |
||
| 041 |
_2eng _aeng |
||
| 082 | _a0000095, MIS | ||
| 100 |
_aMishra Sudhir Kumar _9535781 |
||
| 110 |
_aDelhi University. Social Sciences. Chinese & Japanese _9645050 |
||
| 245 | 0 | _aPolitics of electoral reform in Japan Prof. Savitri Vishwanathan | |
| 260 | _c1995 | ||
| 300 |
_a105p. _ccm. |
||
| 490 | _v Dis | ||
| 650 |
_aDiss _9645051 |
||
| 700 |
_aDelhi University. Social Sciences. Chinese & Japanese _9645052 |
||
| 942 |
_h0000095, MIS _cDIS _2CC |
||
| 999 |
_c1069664 _d1069664 |
||